| 000 | 01124cam a22003015a 4500 | ||
|---|---|---|---|
| 001 | 016728790 | ||
| 003 | OSt | ||
| 005 | 20201128021401.0 | ||
| 008 | 140529s2014 enk |||| ||eng | ||
| 020 | _a9780273757870 (paperback) | ||
| 040 |
_aUk _beng _cUk _dEG-ScBUE |
||
| 082 | 0 | 4 |
_222 _a658.872 _bJEL |
| 100 | 1 |
_aJelassi, Tawfik, _93778 _d1957- |
|
| 245 | 1 | 0 |
_aStrategies for e-business : _bcreating value through electronic and mobile commerce : concept and cases / _cTawfik Jelassi, Albrecht Enders, Francisco J. Martínez-López. |
| 250 | _a3rd ed. | ||
| 260 |
_aHarlow : _bPearson Education Limited, _c2014. |
||
| 300 |
_axliii, 733 p. : _bill. ; _c24 cm. |
||
| 500 | _aIndex : p. 717-733. | ||
| 650 | 7 |
_2BUEsh _aElectronic commerce. _91169 |
|
| 650 |
_a Electronic commerce _vCase studies. _zEurope _2BUEsh |
||
| 650 | 0 |
_aIndustries _x Technological innovations _x Economic aspects. _93781 _2BUEsh |
|
| 650 | 7 |
_aStrategic planning. _2BUEsh _91643 |
|
| 651 | _2BUEsh | ||
| 653 |
_bBUSADM _cJune2015 _cDecember2015 |
||
| 700 | 1 |
_aEnders, Albrecht _93783 |
|
| 700 | 1 | _a Martínez-López, Francisco J. | |
| 942 | _2ddc | ||
| 999 |
_c20036 _d20008 |
||